<?xml version="1.0" encoding="UTF-8"?>
<record
    xmlns:xsi="http://www.w3.org/2001/XMLSchema-instance"
    xsi:schemaLocation="http://www.loc.gov/MARC21/slim http://www.loc.gov/standards/marcxml/schema/MARC21slim.xsd"
    xmlns="http://www.loc.gov/MARC21/slim">

  <leader>02263cam a2200373 a 4500</leader>
  <datafield tag="952" ind1=" " ind2=" ">
    <subfield code="0">0</subfield>
    <subfield code="1">0</subfield>
    <subfield code="4">0</subfield>
    <subfield code="7">0</subfield>
    <subfield code="8">NFIC</subfield>
    <subfield code="a">LL</subfield>
    <subfield code="b">LL</subfield>
    <subfield code="c">GEN</subfield>
    <subfield code="d">2021-05-27</subfield>
    <subfield code="l">0</subfield>
    <subfield code="o">KD2149 GOO 2011</subfield>
    <subfield code="p">028399</subfield>
    <subfield code="r">2021-05-27 00:00:00</subfield>
    <subfield code="t">c.1</subfield>
    <subfield code="w">2021-05-27</subfield>
    <subfield code="y">BK</subfield>
  </datafield>
  <datafield tag="999" ind1=" " ind2=" ">
    <subfield code="c">9029</subfield>
    <subfield code="d">9029</subfield>
  </datafield>
  <controlfield tag="001">16896022</controlfield>
  <controlfield tag="003">GZU</controlfield>
  <controlfield tag="005">20210527144605.0</controlfield>
  <controlfield tag="008">110615s2011    enk      b    001 0 eng  </controlfield>
  <datafield tag="010" ind1=" " ind2=" ">
    <subfield code="a">  2011489975</subfield>
  </datafield>
  <datafield tag="020" ind1=" " ind2=" ">
    <subfield code="a">9780421966109 (hardback)</subfield>
  </datafield>
  <datafield tag="020" ind1=" " ind2=" ">
    <subfield code="a">0421966106 (hardback)</subfield>
  </datafield>
  <datafield tag="020" ind1=" " ind2=" ">
    <subfield code="a">9780414047877 (pbk.)</subfield>
  </datafield>
  <datafield tag="020" ind1=" " ind2=" ">
    <subfield code="a">0414047877 (pbk.)</subfield>
  </datafield>
  <datafield tag="040" ind1=" " ind2=" ">
    <subfield code="a">DLC</subfield>
    <subfield code="c">DLC</subfield>
  </datafield>
  <datafield tag="042" ind1=" " ind2=" ">
    <subfield code="a">pcc</subfield>
  </datafield>
  <datafield tag="043" ind1=" " ind2=" ">
    <subfield code="a">e-uk---</subfield>
  </datafield>
  <datafield tag="050" ind1="0" ind2="0">
    <subfield code="a">KD2149</subfield>
    <subfield code="b">.G65 2011</subfield>
  </datafield>
  <datafield tag="100" ind1="1" ind2=" ">
    <subfield code="a">Goode, Royston Miles.</subfield>
  </datafield>
  <datafield tag="245" ind1="1" ind2="0">
    <subfield code="a">Principles of corporate insolvency law /</subfield>
    <subfield code="c">by Roy Goode.</subfield>
  </datafield>
  <datafield tag="250" ind1=" " ind2=" ">
    <subfield code="a">4th ed.</subfield>
  </datafield>
  <datafield tag="260" ind1=" " ind2=" ">
    <subfield code="a">London :</subfield>
    <subfield code="b">Sweet &amp; Maxwell,</subfield>
    <subfield code="c">2011.</subfield>
  </datafield>
  <datafield tag="300" ind1=" " ind2=" ">
    <subfield code="a">cvi, 835, 214, 32 p. ;</subfield>
    <subfield code="c">24 cm.</subfield>
  </datafield>
  <datafield tag="500" ind1=" " ind2=" ">
    <subfield code="a">Previous ed. : 2005.</subfield>
  </datafield>
  <datafield tag="504" ind1=" " ind2=" ">
    <subfield code="a">Includes bibliographical references and index.</subfield>
  </datafield>
  <datafield tag="505" ind1="0" ind2=" ">
    <subfield code="a">1. The history and framework of corporate insolvency law -- 2. The foundations of corporate insolvency law -- 3. The principles of insolvency law -- 4. The concept of corporate insolvency -- 5. The winding up process : an outline -- 6. Winding up : assets available for distribution -- 7. The anti-deprivation rule -- 8. The proof, valuation and ranking of claims in winding up -- 9. Set-off and netting -- 10. Administrative receivership -- 11. Administration -- 12. Restructuring and arrangements -- 13. The avoidance of transactions on winding up or administration -- 14. Improper trading and the duties and liabilities of directors -- 15. The European insolvency regime -- 16. International insolvency -- Appendix 1. Council Regulation 1346/2000 -- Appendix 2. Council Regulation 210/2010 -- Appendix 3. Cross-Border Insolvency Regulations 2006 incorporating the UNCITRAL Model Law -- Appendix 4. UK Insolvency Act 1986, section 426 -- Appendix 5. UK Insolvency Act 2000, section 14 -- Appendix 6. Virgos-Schmit Report on the Convention on Insolvency Proceedings.</subfield>
  </datafield>
  <datafield tag="650" ind1=" " ind2="0">
    <subfield code="a">Bankruptcy</subfield>
    <subfield code="z">Great Britain.</subfield>
  </datafield>
  <datafield tag="650" ind1=" " ind2="0">
    <subfield code="a">Liquidation</subfield>
    <subfield code="z">Great Britain.</subfield>
  </datafield>
  <datafield tag="650" ind1=" " ind2="0">
    <subfield code="a">Conflict of laws</subfield>
    <subfield code="x">Bankruptcy</subfield>
    <subfield code="z">Great Britain.</subfield>
  </datafield>
  <datafield tag="650" ind1=" " ind2="0">
    <subfield code="a">Corporation law</subfield>
    <subfield code="z">Great Britain.</subfield>
  </datafield>
  <datafield tag="906" ind1=" " ind2=" ">
    <subfield code="a">7</subfield>
    <subfield code="b">cbc</subfield>
    <subfield code="c">origres</subfield>
    <subfield code="d">2</subfield>
    <subfield code="e">ncip</subfield>
    <subfield code="f">20</subfield>
    <subfield code="g">y-gencatlg</subfield>
  </datafield>
  <datafield tag="942" ind1=" " ind2=" ">
    <subfield code="2">lcc</subfield>
    <subfield code="c">BK</subfield>
    <subfield code="e">4th</subfield>
    <subfield code="h">2149</subfield>
    <subfield code="i">GOO</subfield>
    <subfield code="k">KD</subfield>
    <subfield code="m">2011</subfield>
  </datafield>
</record>
